MARC

LEADER 00000nam0a2200000 4500
001 122528
005 20231031130051.0
035 |a (RuTPU)RU\TPU\book\132657 
090 |a 122528 
100 |a 20071004d1957 km y0rusy50 ca 
101 0 |a rus 
102 |a RU 
105 |a a z 001zy 
200 1 |a Высокоогнеупорные материалы и изделия из окислов  |f С. Г. Тресвятский, А. М. Черепанов  |g под ред. П. П. Будникова 
210 |a Москва  |c Металлургиздат  |d 1957 
215 |a 246 с.  |c ил. 
320 |a Библиография в конце глав. 
610 1 |a химическая технология 
610 1 |a огнеупоры 
610 1 |a огнеупорные материалы 
610 1 |a высокоогнеупорные изделия 
610 1 |a окислы 
610 1 |a окислы алюминия 
610 1 |a окислы бериллия 
610 1 |a окислы актинидов 
610 1 |a смеси окислов 
675 |a 666.76  |v 3 
700 1 |a Тресвятский  |b С. Г.  |g Сергей Глебович 
701 1 |a Черепанов  |b А. М.  |g Александр Михайлович 
702 1 |a Будников  |b П. П.  |4 340 
801 1 |a RU  |b 63413507  |c 20071004  |g PSBO 
801 2 |a RU  |b 63413507  |c 20110310  |g PSBO 
900 |a Химическая технология керамики и огнеупоров 
942 |c BK